01586 2200301 4500001002100000005001500021035002000036008004100056020001800097041000800115082001000123084001600133100001800149245006500167260003900232300003600271500002600307520074900333650001701082650002001099650002401119990002401143990002301167990002301190990002401213990002401237990002301261INLIS00000000000364420221019093435 a0010-0520003644221019 | | eng  a9781412903080 aeng a306.6 a306.6 JEO u0 aJeong, Ho-Won1 aUnderstanding conflict and conflict analysis /cHo-Won Jeong aLondon :bSage Publications,c2008 axi, 264 p. :b: illus. ;c24 cm aIndeks : p. 245 - 255 aBy examining the dynamic forces which shape and re-shape major conflicts, Understanding Conflict and Conflict Analysis provides students with the new knowledge base needed to successfully study conflict sources, processes and transformations. It covers social, political, and psychological features central to understanding conflict situations and behavior. A wide range of both recent and historical examples (including the Arab-Israeli conflict, US-Russia relations, the "War on Terrorism," civil wars in Sudan, Iraq, former Yugoslavia, Sri Lanka) are discussed in a comparative context, illustrating the application of concepts and theories essential to the analysis of inter-group, inter-state conflict and prospects for conflict resolution 4ap. 257 - 264 4aSocial conflict 4aConflict management a12844/MKRI-P/X-2009 a1245/MKRI-P/X-2009 a1245/MKRI-P/X-2009 a12844/MKRI-P/X-2009 a12844/MKRI-P/X-2009 a1245/MKRI-P/X-2009